000 00979nam a22002417a 4500
999 _c15922
_d15922
003 AR-CdUCM
008 190430b ||||| |||| 00| 0 spa d
020 _a958-04-0268-X
040 _aMUNICIPALIDAD PROVINCIAL DEL CUSCO
_cBIBLIOTECA MUNICIPAL DEL CUSCO
082 _aEP / 800 /
_bF52
100 _aFinifter, Germaine
_935160
245 _aMi cuerpo :
_brespuesta a los "¿por qué?" de los niños /
260 _aColombia :
_bNorma,
_c1986.
300 _a60 paginas ;
_bIlustraciones
_c21 cm.
505 _aContenido : Mi cuerpo es un rompecabezas -- ¿Por que nos sostenemos de pie? -- ¿Por que sirven los pulmones? -- ¿Para que sirve comer? -- Todos somo parecidos y distintos -- ¿Como se forman los mellizos?...
650 _aMi cuerpo
_935161
650 _aAparatos de cuerpo humano
_935162
650 _aEnfermedades
_95611
650 _aAlimentos
_97656
700 _aCaballero, Beatriz (Traducción)
_935163
942 _2ddc
_cLIBROS
945 _awnts
_d2019-04-30